000 00652nam a22002057a 4500
999 _c61825
_d61825
005 20240522103606.0
008 240522s2008 enk||||| |||| 00| 0 eng d
020 _a9780781797382x
041 _aeng
080 _a616.12-073.97 W-14
100 _aWagner, Galen S.
_922133
245 _aMarriott's Practical Electrocardiography /
_cGalen S. Wagner.
250 _a11th Edition
264 _aPhiladelphia :
_bLippincott Williams & Wilkins,
_c2008.
300 _a468 p.:
_bill.;
_c25 cm.
521 _a+1 cd
653 _aელექტროკარდიოგრაფია
653 _aმედიცინა
942 _2udc
_cᲬᲘᲒᲜᲘ